000
00292nam a22001337a 4500
020
_a
0-7214-1020-3
082
_a
823
_b
GAT/T
100
_a
GATEHOUSE, JOHN
245
_a
TRICKS AND MAGIC
_b
CHEEKY MOUSE & COOL CAT
250
_a
1
260
_a
UK
650
_a
ENGLISH SHORT STORY
942
_c
BK
999
_c
2111
_d
2111